| 000 | 01284nam a2200301Ia 4500 | ||
|---|---|---|---|
| 001 | ebr10449777 | ||
| 003 | CaPaEBR | ||
| 006 | m u | ||
| 007 | cr cn||||||||| | ||
| 008 | 080924s2008 enka s 001 0 eng d | ||
| 020 | _z1847194303 (pbk.) | ||
| 020 | _z9781847194305 (pbk.) | ||
| 040 |
_aCaPaEBR _cCaPaEBR |
||
| 035 | _a(OCoLC)324989127 | ||
| 050 | 1 | 4 |
_aQA76.73.J38 _bV64 2008eb |
| 100 | 1 |
_aVohra, Deepak, _d1966- |
|
| 245 | 1 | 0 |
_aJDBC 4.0 and Oracle JDeveloper for J2EE development _h[electronic resource] : _ba J2EE developer's guide for using Oracle JDeveloper's integrated database features to build data-driven applications / _cDeepak Vohra. |
| 260 |
_aBirmingham [England] : _bPackt, _c2008. |
||
| 300 |
_aiv, 431 p. : _bill. |
||
| 500 | _aIncludes index. | ||
| 533 |
_aElectronic reproduction. _bPalo Alto, Calif. : _cebrary, _d2011. _nAvailable via World Wide Web. _nAccess may be limited to ebrary affiliated libraries. |
||
| 630 | 0 | 0 | _aOracle JDeveloper. |
| 650 | 0 |
_aApplication software _xDevelopment. |
|
| 650 | 0 | _aJava (Computer program language) | |
| 655 | 7 |
_aElectronic books. _2local |
|
| 710 | 2 | _aebrary, Inc. | |
| 856 | 4 | 0 |
_uhttp://site.ebrary.com/lib/rucke/Doc?id=10449777 _zAn electronic book accessible through the World Wide Web; click to view |
| 999 |
_c248964 _d248964 |
||